1837 1209 1662 1145 1789 1019 1372 1580 1564 1206 1060 1606 1185 1794 1674 1550 1810 1081 1929 1025 1212 1922 1177 1518 1111 1833 1896 1847 1094 1708 1902 1277 1016 1181 1586 1664 1251 1382 1086 1170 1625 1370 1441 1601 1858 1302 1566 1470 1939 1529 1859 1321 1778 1539 1603 1062 1711 1748 1650 1686 1658 1267 1568 1808 1388 1030 1530 1356 1055 1171 1604 1887 1666 1466 1984 1824 1140 1866 1828 1215 1010 1463 1598 1847 1716 1311 1252 1634 1832 1234 1253 1456 1149 1102 1996 1193 1564 1545 1477 BCNSPRNW ULIB Ver.6.0+V

เปลี่ยนเป็นภาษาไทย

Change to English
 แสดงรายละเอียดบรรณานุกรม
  กลับหน้าหลัก

Brief Record : Get Marc (ISO 2709) : E-mail record : QR code < ปิดหน้าต่าง
LEADER : 00000nam 2200000uu 4500
001    13399122722
003     ULIB
008    020711s2555 th a 000 0 tha d
020    9789749702956
060    WB327^bม443บ
100    มานพ ประภาษานนท์
245    บุคลิกภาพดีไม่มีโรค /^cมานพ ประภาษานนท์
250    พิมพ์ครั้งที่ 2
260    กรุงเทพฯ :^bอมรินทร์สุขภาพ,^c2555
300    133 หน้า
440  0 ชุดชีวิตและสุขภาพ ลำดับที่147
650    สุขภาพ
650    การดูแลตนเอง
650    บุคลิกภาพ
945    ^p145^l0^i20163
945    ^p145^l0^i20164
999    ^aทศพร เกษรทอง
รายการนี้ยังไม่มีแท็ก
คุณยังไม่ได้ล็อกอิน คุณสามารถมีกิจกรรมร่วมกับเว็บไซต์ได้ แต่ต้องล็อกอินก่อน ::
  ล็อกอิน

รายการสื่อสารสนเทศ

ลำดับที่ ประเภท เลขเรียก/บาร์โค้ด สถานที่ สถานะ
1. วิทยาศาสตร์การแพทย์ และสุขภาพ
วิทยาศาสตร์การแพทย์ และสุขภาพ
สถานะ=หนังสือเก่า
WB327 ม443บ ฉ.1 
  Barcode: 20163
ห้องสมุดวิทยาเขตนครสวรรค์
►ส่วนจัดเก็บหนังสือเก่า นว.
บนชั้น
  ขอยืม
2. วิทยาศาสตร์การแพทย์ และสุขภาพ
วิทยาศาสตร์การแพทย์ และสุขภาพ
สถานะ=หนังสือเก่า
WB327 ม443บ ฉ.2 
  Barcode: 20164
ห้องสมุดวิทยาเขตนครสวรรค์
►ส่วนจัดเก็บหนังสือเก่า นว.
บนชั้น
  ขอยืม

รายการใกล้เคียง
    ผู้แต่ง [มานพ ประภาษานนท์]

    หัวเรื่อง [สุขภาพ]
    หัวเรื่อง [การดูแลตนเอง]
    หัวเรื่อง [บุคลิกภาพ]

BibComment


ยังไม่เคยถูกคอมเมนท์

คอมเมนท์ทรัพยากรรายการนี้
  คอมเมนท์: บุคลิกภาพดีไม่มีโ..


 Copyright 2026. Bcnsprnw @Library